Statystyki dla 15 największych miast Śląska

Kliknij tutaj aby rozwiązać quiz!

Ogólne statystyki

  • Ten quiz został rozwiązany 201 razy
  • Średni wynik to 9 z 15

Statystyki odpowiedzi

Liczba ludnościOdpowiedź% Poprawnych
291 774Katowice
99%
171 691Zabrze
84%
178 186Gliwice
80%
164 447Bytom
72%
107 443Chorzów
70%
127 307Tychy
68%
170 303Bielsko Biała
60%
137 030Ruda Śląska
59%
137 782Rybnik
59%
643 782Wrocław
59%
128 012Opole
41%
99 072Legnica
38%
110 603Wałbrzych
36%
141 280Zielona Góra
15%
287 968Ostrawa
14%

Rozkład punktacji

Percentyl według liczby udzielonych odpowiedzi

Procent ludzi z każdym wynikiem

Twoja historia wyników

Nie rozwiązałeś tego quizu